| Tag |
First Indicator |
Second Indicator |
Subfields |
| LEADER |
00000cam a2200000 i 4500 |
| 001 |
in00000048448 |
| 005 |
20151007071616.0 |
| 008 |
800318s1977 ilua j b 00110 eng d |
| 020 |
|
|
|a 0844566004
|
| 035 |
|
|
|a (OCoLC)06098272
|
| 035 |
|
|
|9 AAE6301AM
|
| 040 |
|
|
|a TLS
|c TLS
|d TXA
|d UtOrBLW
|
| 049 |
|
|
|a [Curr Col] TXAM
|c 1 [1632409], 2 [1632410]
|
| 090 |
|
|
|a E178.1
|b .E38 1977
|
| 100 |
1 |
|
|a Eibling, Harold H.
|
| 245 |
1 |
0 |
|a Foundations of freedom : United States history to 1877 /
|c Harold H. Eibling, Carlton Jackson, Vito Perrone.
|
| 250 |
|
|
|a 2d ed.
|
| 264 |
|
1 |
|a River Forest, Ill. :
|b Laidlaw Brothers,
|c [1977]
|
| 264 |
|
4 |
|c ©1977
|
| 300 |
|
|
|a 576 pages :
|b illustrations (some color) ;
|c 24 cm.
|
| 336 |
|
|
|a text
|b txt
|2 rdacontent
|
| 337 |
|
|
|a unmediated
|b n
|2 rdamedia
|
| 338 |
|
|
|a volume
|b nc
|2 rdacarrier
|
| 500 |
|
|
|a Gr. 7-12.
|
| 504 |
|
|
|a Includes bibliographies and index.
|
| 651 |
|
0 |
|a United States
|x History
|y Colonial period, ca. 1600-1775
|v Juvenile literature.
|
| 651 |
|
0 |
|a United States
|x History
|y Revolution, 1775-1783
|v Juvenile literature.
|
| 651 |
|
0 |
|a United States
|x History
|y 1783-1865
|x Juvenile literature.
|
| 700 |
1 |
|
|a Jackson, Carlton,
|d 1933-2014.
|
| 700 |
1 |
|
|a Perrone, Vito.
|
| 999 |
|
|
|a MARS
|
| 999 |
f |
f |
|s 9b619fd7-bbfc-3674-b479-00e88dd3e6a1
|i 761e7c7e-075c-3279-970c-12e1feba3ae0
|t 0
|
| 952 |
f |
f |
|p normal
|a Texas A&M University
|b College Station
|c Sterling C. Evans Library
|d Evans: Library Stacks
|t 0
|e E178.1 .E38 1977
|h Library of Congress classification
|i unmediated -- volume
|m A14800212646
|
| 998 |
f |
f |
|a E178.1 .E38 1977
|t 0
|l Evans: Library Stacks
|